What makes Hungary attractive for travellers? Overview of the basic touristic potentials of Hungary, the process of the change of the touristic motivations through the last 10 years and future trends

Bibliographic Details
Main Author: Kovács Krisztina
Other Authors: Kovács dr. Miklós
Format: Thesis
Kulcsszavak:Touristic motivations
Inbound tourism
Hungarian tourism
Motivation changes
Trends
Online Access:http://dolgozattar.uni-bge.hu/8481

MARC

LEADER 00000nta a2200000 i 4500
001 dolg8481
005 20170316153001.0
008 161208suuuu hu om 000 eng d
040 |a BGE Dolgozattár Repozitórium  |b hun 
041 |a en 
100 1 |a Kovács Krisztina 
245 1 0 |a What makes Hungary attractive for travellers? Overview of the basic touristic potentials of Hungary, the process of the change of the touristic motivations through the last 10 years and future trends  |c Kovács Krisztina  |h [elektronikus dokumentum] 
695 |a Touristic motivations 
695 |a Inbound tourism 
695 |a Hungarian tourism  
695 |a Motivation changes 
695 |a Trends 
700 1 |a Kovács dr. Miklós  |e ths 
856 4 0 |u http://dolgozattar.uni-bge.hu/8481/1/DISSERTATION%20KK.pdf  |z Dokumentum-elérés